000 00391nam a22001697a 4500
003 OSt
005 20211229114453.0
008 211229b |||||||| |||| 00| 0 eng d
020 _a3540762540
040 _cHU
082 _a005.133
100 _aHunt John
_926034
245 _aKey Java Advanced Tips And tECHNIQUES
260 _aLondon
_bLondon
300 _f331
942 _2ddc
_cBOOKS
_n0
999 _c24951
_d24951